000 01488nmc a2200493 a 4500
003 AR-BaBNM
005 20251128203347.0
008 297019s1979 ||||||||||||||000 | spa||
040 _cAR-BaBNM
100 1 _aBeltrán Guerrero, Luis
245 1 0 _aPáginas australes
260 _aBuenos Aires
_bPublicaciones de la Embajada de Venezuela
_c1979
300 0 _a205 p.
490 0 _aPublicaciones de la embajada de Venezuela en Buenos Aires - Argentina
_vv. 11
600 1 4 _aHenriquez Ureña, Pedro
600 1 4 _aUgarte, Manuel
600 1 4 _aSarmiento, Domingo Faustino
_d1868-1874
600 1 4 _aLarreta, Enrique
600 1 4 _aRomero, Francisco
600 1 4 _aFernández Moreno, Baldomero
600 1 4 _aFernández Moreno, César
600 1 4 _aRodo, José Enrique
600 1 4 _aFunes, Gregorio
_d1749-1829
600 1 4 _aMartínez Estrada, Ezequiel
600 1 4 _aPalacios, Alfredo L.
600 1 4 _aRequeni, Antonio
600 1 4 _aSingerman, Berta
600 1 4 _aLazcano Tegui, Emilio
600 1 4 _aEstrella Gutiérrez, Fermin
600 1 4 _aCapdevila, Arturo
600 1 4 _aSábato, Ernesto
600 1 4 _aMarechal, Leopoldo
600 1 4 _aMolinari, Ricardo E.
650 4 _aLITERATURA ARGENTINA
650 4 _aLITERATURA LATINOAMERICANA
650 4 _aCRITICA LITERARIA
650 4 _aESCRITORES
650 4 _aSIGLO DIECINUEVE
650 4 _aLITERATURA CONTEMPORANEA
650 4 _aBIOGRAFIAS
655 _aLITERATURA
942 _cBK
998 _cMARTIN
999 _c3039
_d3039